[Event "Berlin-ch Seniors op 34th"]
[Site "Berlin"]
[Date "2018.01.31"]
[Round "2"]
[White "Tuerk, Bernhard"]
[Black "Kranch, Klaus"]
[Result "0-1"]
[WhiteElo "1576"]
[BlackElo "1755"]
[PlyCount "108"]
[EventDate "2018.01.30"]
[EventType "swiss"]
[EventRounds "9"]
[EventCountry "GER"]
[SourceTitle "EXT 2020"]
[Source "ChessBase"]
[SourceDate "2019.10.17"]
[SourceVersion "1"]
[SourceVersionDate "2019.10.17"]
[SourceQuality "1"]

1. c4 e5 2. Nc3 Nf6 3. g3 Nc6 4. a3 a5 5. Bg2 Bc5 6. e3 0-0 7. Nge2 d6 8. 0-0 Be6 9. d3 Qd7 10. Qc2 Rab8 11. Rd1 Ba7 12. Nb5 Bb6 13. b3 Bf5 14. Bb2 Rfe8 15. Nbc3 Ne7 16. Ne4 Bxe4 17. dxe4 Qe6 18. Qd3 Nc6 19. Rac1 h5 20. Nc3 Rbc8 21. Nd5 Ba7 22. Qf1 g5 23. f4 gxf4 24. Nxf6+ Qxf6 25. Rd3 Qh6 26. gxf4 exf4 27. Bd4 Nxd4 28. exd4 Re6 29. Kh1 Rg6 30. Bh3 Re8 31. Bf5 Rg7 32. c5 dxc5 33. dxc5 b6 34. b4 bxc5 35. bxc5 Kh8 36. Rd7 f3 37. Rcd1 Bxc5 38. Rd8 Reg8 39. Rxg8+ Rxg8 40. Qxf3 Be3 41. Re1 Bd4 42. Bh3 Qg6 43. Bg2 c5 44. e5 Re8 45. Qf4 Rg8 46. Qf3 c4 47. Re4 Bb2 48. Rh4 c3 49. Rxh5+ Kg7 50. Rh4 c2 51. h3 c1Q+ 52. Bf1 Qcc6 53. Qxc6 Qxc6+ 54. Bg2 Qc1+ 0-1

[Event "Berlin-ch Seniors op 34th"]
[Site "Berlin"]
[Date "2018.01.30"]
[Round "1"]
[White "Metzger, Albert"]
[Black "Tuerk, Bernhard"]
[Result "1-0"]
[WhiteElo "1844"]
[BlackElo "1576"]
[PlyCount "93"]
[EventDate "2018.01.30"]
[EventType "swiss"]
[EventRounds "9"]
[EventCountry "GER"]
[SourceTitle "EXT 2020"]
[Source "ChessBase"]
[SourceDate "2019.10.17"]
[SourceVersion "1"]
[SourceVersionDate "2019.10.17"]
[SourceQuality "1"]

1. Nf3 c5 2. e4 d6 3. Bc4 e6 4. 0-0 a6 5. a4 Nc6 6. c3 Nf6 7. d3 h6 8. h3 Be7 9. Re1 0-0 10. Be3 e5 11. Nbd2 Na5 12. Ba2 b5 13. b4 cxb4 14. cxb4 Nc6 15. axb5 Nxb4 16. Bc4 a5 17. Qb3 Bb7 18. Nb1 Nd7 19. Nc3 Nb6 20. Red1 Nxc4 21. dxc4 Qc7 22. Nd5 Bxd5 23. exd5 Bf6 24. Rac1 Rfc8 25. Nd2 Bd8 26. c5 dxc5 27. Bxc5 Qb7 28. Bxb4 Rxc1 29. Rxc1 axb4 30. Qxb4 Ba5 31. Qb2 Qxd5 32. Nf3 e4 33. Ne5 Bd2 34. Rc2 e3 35. Nf3 Rd8 36. b6 exf2+ 37. Kxf2 Bf4 38. b7 Rb8 39. Rc8+ Kh7 40. Qc2+ g6 41. Qc3 Be3+ 42. Kxe3 Qe6+ 43. Kf2 Qb6+ 44. Kf1 Qb5+ 45. Kg1 Qb6+ 46. Kh1 Rxc8 47. bxc8Q 1-0

[Event "Berlin-ch Seniors op 33rd"]
[Site "Berlin"]
[Date "2017.02.08"]
[Round "8"]
[White "Schiemann, Dieter"]
[Black "Tuerk, Bernhard"]
[Result "1-0"]
[WhiteElo "1496"]
[BlackElo "1630"]
[PlyCount "125"]
[EventDate "2017.01.31"]
[EventType "swiss"]
[EventRounds "9"]
[EventCountry "GER"]
[SourceTitle "EXT 2019"]
[Source "ChessBase"]
[SourceDate "2018.10.10"]
[SourceVersion "1"]
[SourceVersionDate "2018.10.10"]
[SourceQuality "1"]

1. e4 c5 2. Bc4 e6 3. Nc3 a6 4. a4 Nc6 5. Nf3 Be7 6. d4 cxd4 7. Nxd4 d6 8. Nxc6 bxc6 9. 0-0 h6 10. Re1 Nf6 11. Qf3 e5 12. b4 0-0 13. Bb2 Bd7 14. Rad1 Qc7 15. Qg3 Qb6 16. a5 Qxb4 17. Bc1 Nh5 18. Qd3 g5 19. Bd2 Qb7 20. Nd5 Be6 21. Nxe7+ Qxe7 22. Bxa6 Kg7 23. Rb1 Rab8 24. Rb6 Rxb6 25. axb6 Rb8 26. b7 d5 27. Qb3 d4 28. Qb6 Bd7 29. Bb4 Qd8 30. Qxd8 Rxd8 31. Bd6 f6 32. b8Q Rxb8 33. Bxb8 Nf4 34. g3 Ne6 35. Rb1 Nc5 36. Bd3 Kf7 37. Ba7 Na4 38. Rb4 c5 39. Bc4+ Ke7 40. Rb8 Kd6 41. Rh8 Nc3 42. Bb8+ Kc6 43. Bd5+ Nxd5 44. exd5+ Kxd5 45. Rxh6 Ke6 46. g4 c4 47. Rh3 Ba4 48. Ra3 Bxc2 49. Kf1 e4 50. Ke1 c3 51. Ra6+ Kd5 52. Rxf6 Kc4 53. Ba7 d3 54. Be3 Ba4 55. Bxg5 Kb3 56. Rb6+ Kc2 57. Rd6 Kb3 58. h4 c2 59. Be3 Be8 60. h5 Kb2 61. h6 Kb1 62. Rb6+ Ka2 63. h7 1-0

[Event "Berlin-ch Seniors op 33rd"]
[Site "Berlin"]
[Date "2017.02.02"]
[Round "3"]
[White "Geist, Wolfgang"]
[Black "Tuerk, Bernhard"]
[Result "1/2-1/2"]
[WhiteElo "1379"]
[BlackElo "1630"]
[PlyCount "79"]
[EventDate "2017.01.31"]
[EventType "swiss"]
[EventRounds "9"]
[EventCountry "GER"]
[SourceTitle "EXT 2019"]
[Source "ChessBase"]
[SourceDate "2018.10.10"]
[SourceVersion "1"]
[SourceVersionDate "2018.10.10"]
[SourceQuality "1"]

1. d4 d5 2. Bf4 e6 3. e3 Nd7 4. Nf3 Be7 5. Bd3 a6 6. c3 c5 7. Nbd2 c4 8. Bb1 Ngf6 9. 0-0 Nh5 10. Ne5 Nhf6 11. Nxd7 Qxd7 12. Nf3 b5 13. Ne5 Qb7 14. Bg5 Ng8 15. Bxe7 Nxe7 16. Qf3 Ng8 17. Qg3 g6 18. Ng4 Qe7 19. Ne5 Bb7 20. f4 f5 21. h4 0-0-0 22. Kf2 Nf6 23. Ke2 Rdf8 24. Bc2 Rhg8 25. Rh1 Qe8 26. Rh2 h6 27. Rah1 Nh5 28. Qf2 Nf6 29. Qf3 h5 30. Rh3 Ng4 31. Rg3 a5 32. Qf1 b4 33. Qd1 b3 34. axb3 cxb3 35. Bd3 a4 36. Qa1 Nxe5 37. fxe5 Bc6 38. Qa3 Qd7 39. Qc5 Kb7 40. Qb4+ 1/2-1/2

[Event "Berlin-ch Seniors op 33rd"]
[Site "Berlin"]
[Date "2017.02.01"]
[Round "2"]
[White "Tuerk, Bernhard"]
[Black "Keusch, Horst"]
[Result "0-1"]
[WhiteElo "1630"]
[BlackElo "1943"]
[PlyCount "80"]
[EventDate "2017.01.31"]
[EventType "swiss"]
[EventRounds "9"]
[EventCountry "GER"]
[SourceTitle "EXT 2019"]
[Source "ChessBase"]
[SourceDate "2018.10.10"]
[SourceVersion "1"]
[SourceVersionDate "2018.10.10"]
[SourceQuality "1"]

1. c4 Nf6 2. Nc3 e6 3. g3 d5 4. d4 dxc4 5. Qa4+ Bd7 6. Qxc4 Bc6 7. f3 Nbd7 8. e4 Nb6 9. Qd3 Be7 10. Nge2 0-0 11. Bg2 a6 12. b3 Nbd7 13. Qc2 b5 14. 0-0 b4 15. Nd1 Bb5 16. Ne3 c5 17. Rd1 Qb6 18. Bb2 Rac8 19. Nc4 Qa7 20. d5 exd5 21. exd5 Bxc4 22. bxc4 Bd6 23. Qf5 Rfe8 24. Kf1 a5 25. f4 a4 26. Rd3 a3 27. Bxf6 Nxf6 28. g4 Qe7 29. Ng3 g6 30. Qg5 h6 31. Qxh6 Nxg4 32. Qh3 Qf6 33. Qxg4 Qxa1+ 34. Rd1 Qg7 35. Qf3 f5 36. h4 Re7 37. h5 Rce8 38. Kf2 Re3 39. Qxe3 Rxe3 40. Kxe3 Qc3+ 0-1

[Event "Berlin-ch Seniors op 32nd"]
[Site "Berlin"]
[Date "2016.02.02"]
[Round "7"]
[White "Hesselbarth, Karlheinz"]
[Black "Tuerk, Bernhard"]
[Result "1-0"]
[WhiteElo "1725"]
[BlackElo "1613"]
[PlyCount "70"]
[EventDate "2016.01.26"]
[EventType "swiss"]
[EventRounds "9"]
[EventCountry "GER"]
[SourceTitle "EXT 2019"]
[Source "ChessBase"]
[SourceDate "2018.10.10"]
[SourceVersion "1"]
[SourceVersionDate "2018.10.10"]
[SourceQuality "1"]

1. d4 d5 2. c4 e6 3. Nc3 Nf6 4. Bg5 Be7 5. e3 Nbd7 6. Nf3 c5 7. cxd5 Nxd5 8. Nxd5 Bxg5 9. Nxg5 exd5 10. Nf3 0-0 11. Bd3 Nf6 12. 0-0 c4 13. Bc2 Bg4 14. h3 Bh5 15. g4 Nxg4 16. hxg4 Bxg4 17. Kg2 Qf6 18. Rh1 h6 19. Qe2 Rfe8 20. Rag1 b5 21. Bd1 Re4 22. Kf1 Rae8 23. Rg3 Rxd4 24. Qc2 Rde4 25. Rhg1 g6 26. Rxg4 Rxg4 27. Rxg4 Kg7 28. Qc3 Qxc3 29. bxc3 f6 30. Rd4 Rd8 31. e4 Kf7 32. Rxd5 Rxd5 33. exd5 Ke7 34. Nd4 a6 35. Bf3 Kd6 1-0

[Event "Berlin-ch Seniors op 32nd"]
[Site "Berlin"]
[Date "2016.02.01"]
[Round "6"]
[White "Tuerk, Bernhard"]
[Black "Moeschl, Alois"]
[Result "0-1"]
[WhiteElo "1613"]
[BlackElo "1753"]
[PlyCount "90"]
[EventDate "2016.01.26"]
[EventType "swiss"]
[EventRounds "9"]
[EventCountry "GER"]
[SourceTitle "EXT 2019"]
[Source "ChessBase"]
[SourceDate "2018.10.10"]
[SourceVersion "1"]
[SourceVersionDate "2018.10.10"]
[SourceQuality "1"]

1. c4 Nf6 2. Nc3 c5 3. Nf3 Nc6 4. e4 d6 5. d4 cxd4 6. Nxd4 Bd7 7. Nxc6 Bxc6 8. f3 g6 9. Be3 Bg7 10. Qd2 0-0 11. Rd1 Qc7 12. Be2 Rac8 13. 0-0 Bd7 14. b3 a6 15. Qc1 b5 16. Kh1 Qa5 17. Bd2 b4 18. Nd5 Nxd5 19. exd5 Qxa2 20. Qb1 Qxb1 21. Rxb1 Bf5 22. Rbe1 a5 23. g4 Bd7 24. h4 e6 25. dxe6 fxe6 26. Bd3 Be5 27. f4 Bd4 28. Kg2 e5 29. Kg3 Kg7 30. f5 gxf5 31. Bxf5 Bxf5 32. gxf5 Rf7 33. h5 Rcf8 34. Kg4 Rb7 35. Bg5 Kf7 36. h6 a4 37. bxa4 Ra8 38. Be3 Bxe3 39. Rxe3 b3 40. c5 Rxa4+ 41. Kg5 dxc5 42. Rxe5 b2 43. Rb1 Ra1 44. Ree1 Rxb1 45. Rxb1 c4 0-1

[Event "Berlin-ch Seniors op 32nd"]
[Site "Berlin"]
[Date "2016.01.30"]
[Round "5"]
[White "Wolf, Wilfried"]
[Black "Tuerk, Bernhard"]
[Result "1/2-1/2"]
[WhiteElo "1750"]
[BlackElo "1613"]
[PlyCount "114"]
[EventDate "2016.01.26"]
[EventType "swiss"]
[EventRounds "9"]
[EventCountry "GER"]
[SourceTitle "EXT 2019"]
[Source "ChessBase"]
[SourceDate "2018.10.10"]
[SourceVersion "1"]
[SourceVersionDate "2018.10.10"]
[SourceQuality "1"]

1. e4 c5 2. Nf3 Nc6 3. d4 cxd4 4. Nxd4 a6 5. c3 d6 6. Be2 Nf6 7. f3 e5 8. Nb3 Be6 9. Be3 Be7 10. 0-0 0-0 11. N1d2 d5 12. exd5 Nxd5 13. Bf2 Qc7 14. Nc5 Bf5 15. Nde4 Rfd8 16. Qc1 h6 17. Rd1 Na7 18. Bf1 b6 19. Nb3 Bxe4 20. fxe4 Bg5 21. Qc2 Nb4 22. Qe2 Nbc6 23. Qxa6 Rab8 24. Rxd8+ Rxd8 25. Bxb6 Qc8 26. Bxd8 Qxd8 27. Qe2 Qb6+ 28. Kh1 Ne7 29. Rd1 Ng6 30. g3 Nf8 31. Nc1 Nc8 32. Nd3 Bf6 33. Nb4 Ne7 34. Nd5 Nxd5 35. Rxd5 Qe6 36. b4 Be7 37. a3 f5 38. Bh3 g6 39. Qc4 Kg7 40. a4 Nd7 41. a5 Nf6 42. exf5 Qxd5+ 43. Qxd5 Nxd5 44. c4 Nxb4 45. fxg6 Kxg6 46. Bc8 Bc5 47. Bb7 Kg5 48. h3 Na2 49. Kg2 Nc3 50. Kf3 Bd4 51. h4+ Kf6 52. g4 Bc5 53. a6 Ba7 54. Bc6 Bd4 55. Bb7 Bc5 56. Bc6 Bd4 57. Bb7 Bc5 1/2-1/2

[Event "Berlin-ch Seniors op 30th"]
[Site "Berlin"]
[Date "2014.02.02"]
[Round "4"]
[White "Tuerk, Bernhard"]
[Black "Krempelsetzer, Klaus"]
[Result "0-1"]
[WhiteElo "1294"]
[BlackElo "1624"]
[PlyCount "44"]
[EventDate "2014.01.30"]
[EventType "swiss"]
[EventRounds "9"]
[EventCountry "GER"]
[SourceTitle "EXT 2018"]
[Source "ChessBase"]
[SourceDate "2017.10.13"]
[SourceVersion "1"]
[SourceVersionDate "2017.10.13"]
[SourceQuality "1"]

1. d4 Nf6 2. c4 g6 3. Nc3 d5 4. Nf3 Bg7 5. h3 0-0 6. cxd5 Nxd5 7. e4 Nxc3 8. bxc3 c5 9. Bb2 Qa5 10. Qd2 cxd4 11. cxd4 Qxd2+ 12. Nxd2 Rd8 13. Nf3 Bd7 14. Bc4 Ba4 15. 0-0 Nc6 16. e5 e6 17. Rfe1 Rac8 18. Rac1 Bh6 19. a3 Bxc1 20. Rxc1 Na5 21. Nd2 b5 22. Ba2 Rxc1+ 0-1

[Event "Berlin-ch Seniors op 30th"]
[Site "Berlin"]
[Date "2014.01.30"]
[Round "1"]
[White "Tuerk, Bernhard"]
[Black "Metzger, Eberhard"]
[Result "1/2-1/2"]
[WhiteElo "1294"]
[BlackElo "1704"]
[PlyCount "80"]
[EventDate "2014.01.30"]
[EventType "swiss"]
[EventRounds "9"]
[EventCountry "GER"]
[SourceTitle "EXT 2018"]
[Source "ChessBase"]
[SourceDate "2017.10.13"]
[SourceVersion "1"]
[SourceVersionDate "2017.10.13"]
[SourceQuality "1"]

1. d4 g6 2. c4 Bg7 3. Nf3 d6 4. Nc3 Nd7 5. e4 e6 6. Bd3 Ne7 7. 0-0 0-0 8. Re1 b6 9. e5 dxe5 10. dxe5 a6 11. b4 Bb7 12. Bf4 c5 13. a3 cxb4 14. axb4 Qc7 15. Rc1 Rfd8 16. Qe2 Nc6 17. b5 Nb4 18. Be4 Nc5 19. Red1 a5 20. Bxb7 Qxb7 21. Nd4 Rd7 22. Bg5 Qc7 23. Qf3 Rc8 24. Bf6 Bxf6 25. Qxf6 Nbd3 26. Nc6 Nxc1 27. Rxd7 Qxd7 28. Ne7+ Kf8 29. Nxc8 Kg8 30. Nd6 a4 31. Qg5 N1b3 32. Qe3 Qe7 33. Nxa4 Qa7 34. Qf3 Nxa4 35. Qxb3 Nc5 36. Qb1 Nd7 37. f4 Qa3 38. Qf1 Qe3+ 39. Qf2 Qc1+ 40. Qf1 Qe3+ 1/2-1/2

[Event "Berlin-ch Seniors op 27th"]
[Site "Berlin"]
[Date "2011.02.06"]
[Round "9"]
[White "Tuerk, Bernhard"]
[Black "Rollwitz, Inge"]
[Result "1/2-1/2"]
[WhiteElo "1377"]
[BlackElo "1167"]
[PlyCount "145"]
[EventDate "2011.01.29"]
[EventType "swiss"]
[EventRounds "9"]
[EventCountry "GER"]
[SourceTitle "EXT 2012"]
[Source "ChessBase"]
[SourceDate "2011.11.24"]
[SourceVersion "1"]
[SourceVersionDate "2011.11.24"]
[SourceQuality "1"]

1. d4 d6 2. c4 c6 3. Nc3 Nf6 4. Bd2 g6 5. e3 Bg7 6. Bd3 0-0 7. Nge2 e5 8. 0-0 exd4 9. Nxd4 c5 10. Nde2 Nc6 11. a3 a6 12. Nf4 Ne5 13. Be2 Re8 14. h3 Bd7 15. Nfd5 Bc6 16. f4 Ned7 17. Bf3 Nxd5 18. Bxd5 Bxd5 19. cxd5 b5 20. Qc2 Ra7 21. Ne4 Nf6 22. Nxf6+ Bxf6 23. Rf3 Rae7 24. Raf1 Qd7 25. g4 h6 26. Bc1 Qb7 27. g5 hxg5 28. fxg5 Bxg5 29. Rxf7 Rxf7 30. Qxg6+ Rg7 31. Qxe8+ Kh7 32. Qe4+ Rg6 33. Kh1 Qg7 34. Qf5 Qf6 35. Qd3 Qe7 36. Rg1 Qf6 37. Rf1 Qe7 38. Qf5 Kg7 39. Rg1 Qf6 40. Qxf6+ Bxf6 41. Rxg6+ Kxg6 42. e4 Be5 43. Kg2 Kh5 44. Kf3 Bf6 45. Bf4 Be7 46. e5 dxe5 47. Bxe5 c4 48. Bc3 Kg6 49. Kg4 Bd8 50. h4 Bc7 51. h5+ Kh7 52. Kf5 a5 53. Be5 Bd8 54. Ke6 Kh6 55. d6 Kxh5 56. Bf6 Bb6 57. d7 b4 58. axb4 axb4 59. Kd5 c3 60. bxc3 bxc3 61. Bxc3 Kg6 62. Ke6 Kg5 63. Bf6+ Kg6 64. Ke7 Kf5 65. Kf7 Ke4 66. Ke8 Kf5 67. Bd8 Be3 68. Kf7 Bd2 69. Bc7 Bg5 70. Ke8 Ke6 71. Bd8 Bd2 72. Bh4 Ba5 73. Bd8 1/2-1/2

[Event "Berlin-ch Seniors op 27th"]
[Site "Berlin"]
[Date "2011.02.03"]
[Round "6"]
[White "Tuerk, Bernhard"]
[Black "Kranch, Klaus"]
[Result "1/2-1/2"]
[WhiteElo "1377"]
[BlackElo "1494"]
[PlyCount "58"]
[EventDate "2011.01.29"]
[EventType "swiss"]
[EventRounds "9"]
[EventCountry "GER"]
[SourceTitle "EXT 2012"]
[Source "ChessBase"]
[SourceDate "2011.11.24"]
[SourceVersion "1"]
[SourceVersionDate "2011.11.24"]
[SourceQuality "1"]

1. d4 d5 2. c4 e6 3. Nc3 Nf6 4. Bg5 Nbd7 5. e3 c6 6. Bd3 Qa5 7. Bxf6 Nxf6 8. Nge2 dxc4 9. Bxc4 b5 10. Bd3 Bb7 11. 0-0 Be7 12. a3 a6 13. b4 Qd8 14. f3 0-0 15. Qc2 Bd6 16. e4 e5 17. dxe5 Bxe5 18. f4 Bd4+ 19. Kh1 g6 20. Nxd4 Qxd4 21. Rad1 Qb6 22. Be2 Rad8 23. Bf3 Qc7 24. e5 Nh5 25. Bxh5 gxh5 26. Qf5 c5 27. Rxd8 Rxd8 28. bxc5 Rd2 29. Rg1 Qxc5 1/2-1/2

[Event "Berlin-ch Seniors op 27th"]
[Site "Berlin"]
[Date "2011.01.29"]
[Round "1"]
[White "Herrmann, Eberhard"]
[Black "Tuerk, Bernhard"]
[Result "1-0"]
[WhiteElo "1746"]
[BlackElo "1377"]
[PlyCount "53"]
[EventDate "2011.01.29"]
[EventType "swiss"]
[EventRounds "9"]
[EventCountry "GER"]
[SourceTitle "EXT 2012"]
[Source "ChessBase"]
[SourceDate "2011.11.24"]
[SourceVersion "1"]
[SourceVersionDate "2011.11.24"]
[SourceQuality "1"]

1. e4 c5 2. d3 d6 3. Nc3 Nf6 4. f4 e6 5. Nf3 Nbd7 6. Be2 a6 7. 0-0 Be7 8. Qe1 Qc7 9. Qg3 0-0 10. Nh4 b5 11. f5 Bb7 12. fxe6 fxe6 13. Qh3 Rf7 14. Qxe6 Raf8 15. Bf4 c4 16. Nf5 Qc5+ 17. d4 Qb6 18. Nxe7+ Kh8 19. Nf5 d5 20. Nd6 Kg8 21. Kh1 Nxe4 22. Ncxe4 dxe4 23. Bg4 Qxd4 24. Nxf7 Rxf7 25. Be5 Qd5 26. Rxf7 Qxe6 27. Bxe6 1-0

[Event "Berlin-ch Seniors op 26th"]
[Site "Berlin"]
[Date "2010.02.17"]
[Round "9"]
[White "Tuerk, Bernhard"]
[Black "Toth, Hans Juergen"]
[Result "1-0"]
[WhiteElo "1406"]
[BlackElo "1452"]
[PlyCount "71"]
[EventDate "2010.02.09"]
[EventType "swiss"]
[EventRounds "9"]
[EventCountry "GER"]
[SourceTitle "EXT 2012"]
[Source "ChessBase"]
[SourceDate "2011.11.24"]
[SourceVersion "1"]
[SourceVersionDate "2011.11.24"]
[SourceQuality "1"]

1. d4 e6 2. c4 f5 3. Nf3 Nf6 4. e3 d6 5. Nc3 Nbd7 6. Bd3 Be7 7. 0-0 0-0 8. e4 fxe4 9. Nxe4 Nxe4 10. Bxe4 Nf6 11. Bd3 c6 12. Re1 h6 13. a3 Nh7 14. b4 Ng5 15. Nxg5 Bxg5 16. Bb2 Bd7 17. Qc2 d5 18. b5 Qf6 19. Rad1 Rac8 20. Qe2 cxb5 21. cxb5 Rc7 22. a4 b6 23. Ba3 Rfc8 24. Bd6 Rc1 25. Be5 Qe7 26. g3 Rxd1 27. Rxd1 Qa3 28. Qg4 Rc1 29. Be2 Rxd1+ 30. Bxd1 Qf8 31. f4 Bf6 32. Bc2 Qe7 33. Qg6 Kf8 34. Qh7 Qf7 35. Bg6 Qg8 36. Bd6+ 1-0

[Event "Berlin-ch Seniors op 26th"]
[Site "Berlin"]
[Date "2010.02.16"]
[Round "8"]
[White "Lilienthal, Georg"]
[Black "Tuerk, Bernhard"]
[Result "0-1"]
[WhiteElo "1241"]
[BlackElo "1406"]
[PlyCount "44"]
[EventDate "2010.02.09"]
[EventType "swiss"]
[EventRounds "9"]
[EventCountry "GER"]
[SourceTitle "EXT 2012"]
[Source "ChessBase"]
[SourceDate "2011.11.24"]
[SourceVersion "1"]
[SourceVersionDate "2011.11.24"]
[SourceQuality "1"]

1. d4 Nf6 2. c4 d6 3. Nc3 g6 4. Bg5 Bg7 5. e3 Nbd7 6. h3 0-0 7. Nf3 b6 8. e4 a5 9. Qc1 Bb7 10. Qe3 Re8 11. e5 dxe5 12. dxe5 Nh5 13. 0-0-0 Qc8 14. e6 Nc5 15. exf7+ Kxf7 16. g4 Nf6 17. Rh2 Nfe4 18. Nxe4 Nxe4 19. Qf4+ Kg8 20. Qe3 c5 21. Bd3 Qe6 22. Nd2 Qe5 0-1

[Event "Berlin-ch Seniors op 25th"]
[Site "Berlin"]
[Date "2009.02.20"]
[Round "9"]
[White "Tuerk, Bernhard"]
[Black "Joch, Horst"]
[Result "0-1"]
[WhiteElo "1336"]
[BlackElo "1653"]
[PlyCount "78"]
[EventDate "2009.02.12"]
[EventType "swiss"]
[EventRounds "9"]
[EventCountry "GER"]
[SourceTitle "EXT 2022"]
[Source "ChessBase"]
[SourceDate "2021.10.06"]
[SourceVersion "1"]
[SourceVersionDate "2021.10.06"]
[SourceQuality "1"]

1. d4 e6 2. c4 d5 3. Nc3 c6 4. e3 Nf6 5. Nf3 Be7 6. Bd3 dxc4 7. Bxc4 0-0 8. 0-0 b6 9. Bd2 Ba6 10. b3 Bxc4 11. bxc4 c5 12. d5 exd5 13. cxd5 Nxd5 14. Qb3 Nxc3 15. Bxc3 Nc6 16. Rfd1 Qc7 17. Rd5 Rad8 18. Rad1 Rxd5 19. Rxd5 Rd8 20. Rf5 Rf8 21. Qc4 Qd7 22. Rd5 Qe6 23. e4 Bf6 24. Bxf6 gxf6 25. a3 Ne5 26. Qe2 Kh8 27. h3 Ng6 28. Qe3 Rg8 29. Kh2 Ne7 30. Rh5 f5 31. Qc3+ f6 32. g3 Rg7 33. Ng5 fxg5 34. Rxg5 Qf7 35. Qe5 fxe4 36. Qb8+ Ng8 37. Qf4 Qxf4 38. gxf4 Rxg5 39. fxg5 c4 0-1

[Event "Berlin-ch Seniors op 25th"]
[Site "Berlin"]
[Date "2009.02.19"]
[Round "8"]
[White "Krause, Werner"]
[Black "Tuerk, Bernhard"]
[Result "0-1"]
[WhiteElo "1704"]
[BlackElo "1336"]
[PlyCount "72"]
[EventDate "2009.02.12"]
[EventType "swiss"]
[EventRounds "9"]
[EventCountry "GER"]
[SourceTitle "EXT 2022"]
[Source "ChessBase"]
[SourceDate "2021.10.06"]
[SourceVersion "1"]
[SourceVersionDate "2021.10.06"]
[SourceQuality "1"]

1. Nc3 d5 2. e4 e6 3. e5 Ne7 4. d4 Ng6 5. Nf3 c5 6. Bg5 Be7 7. h4 h6 8. Be3 cxd4 9. Qxd4 Nc6 10. Bb5 Bd7 11. Bxc6 Bxc6 12. g3 b6 13. h5 Bc5 14. Qg4 Bxe3 15. fxe3 Nf8 16. Qxg7 Rh7 17. Qg4 Qc7 18. Qh4 Nd7 19. 0-0 Nxe5 20. Nd4 Rg7 21. Rf4 Qe7 22. Kg2 Qxh4 23. Rxh4 Bd7 24. Kh3 Nc4 25. Ndb5 Ke7 26. Re1 e5+ 27. g4 Bxb5 28. Nxb5 Nxb2 29. Rf1 Nc4 30. Rf3 Nd2 31. Rf5 f6 32. Nc7 Rd8 33. Na6 Ne4 34. Nb4 Rd6 35. a3 a5 36. Na2 Rc6 0-1

[Event "Berlin-ch Seniors op 24th"]
[Site "Berlin"]
[Date "2008.02.29"]
[Round "9"]
[White "Tuerk, Bernhard"]
[Black "Hahn, Wolfgang"]
[Result "1/2-1/2"]
[WhiteElo "1342"]
[BlackElo "1535"]
[PlyCount "121"]
[EventDate "2008.02.21"]
[EventType "swiss"]
[EventRounds "9"]
[EventCountry "GER"]
[SourceTitle "EXT 2022"]
[Source "ChessBase"]
[SourceDate "2021.10.06"]
[SourceVersion "1"]
[SourceVersionDate "2021.10.06"]
[SourceQuality "1"]

1. d4 d5 2. c4 dxc4 3. Nc3 Nf6 4. e3 e6 5. Bxc4 Be7 6. Nf3 0-0 7. 0-0 b6 8. Re1 Bb7 9. e4 c5 10. d5 exd5 11. Nxd5 Nxd5 12. Bxd5 Bxd5 13. exd5 Bd6 14. Bg5 Qc7 15. Rc1 h6 16. Bh4 Nd7 17. Bg3 Bxg3 18. hxg3 Qd6 19. Qb3 Rfe8 20. Rcd1 Nf6 21. Qb5 Rxe1+ 22. Nxe1 a6 23. Qc6 Qxc6 24. dxc6 Rc8 25. Rd6 Ne4 26. Rd7 Rxc6 27. Nd3 Rd6 28. Rxd6 Nxd6 29. b3 c4 30. bxc4 Nxc4 31. Kf1 a5 32. Ke1 f6 33. Kd1 Ne5 34. Nf4 Kf7 35. Kc2 b5 36. Nd5 b4 37. Kb3 Nd3 38. Ka4 Nc1 39. Kxa5 Nxa2 40. Nxb4 Nc3 41. Nd3 Ke6 42. Kb4 Ne4 43. Kc4 Kf5 44. Kd4 h5 45. Ke3 g5 46. Ne1 g4 47. Nc2 Nc5 48. Nd4+ Kg5 49. Ke2 f5 50. Ke3 Ne4 51. Ne2 Nd6 52. Kd3 h4 53. gxh4+ Kxh4 54. Ng1 f4 55. Ke2 Nf5 56. Kf1 Kg5 57. Ke2 Nd4+ 58. Kd3 Nf5 59. Ke2 Nd4+ 60. Kd3 Nf5 61. Ke2 1/2-1/2

[Event "Berlin-ch Seniors op 24th"]
[Site "Berlin"]
[Date "2008.02.24"]
[Round "4"]
[White "Theilig, Reinhard"]
[Black "Tuerk, Bernhard"]
[Result "1-0"]
[WhiteElo "1291"]
[BlackElo "1342"]
[PlyCount "55"]
[EventDate "2008.02.21"]
[EventType "swiss"]
[EventRounds "9"]
[EventCountry "GER"]
[SourceTitle "EXT 2022"]
[Source "ChessBase"]
[SourceDate "2021.10.06"]
[SourceVersion "1"]
[SourceVersionDate "2021.10.06"]
[SourceQuality "1"]

1. Nf3 d5 2. c4 e6 3. g3 c5 4. Bg2 Nc6 5. b3 Nf6 6. cxd5 exd5 7. d4 cxd4 8. Nxd4 Be7 9. 0-0 0-0 10. Bb2 Re8 11. e3 Bd7 12. a3 a5 13. Nc3 Nxd4 14. Qxd4 Bc6 15. Rfd1 b6 16. Nxd5 Bxd5 17. Bxd5 Bc5 18. Qc3 Qe7 19. Bxa8 Rxa8 20. Rd3 Ne8 21. Rd5 f6 22. Qc4 Kh8 23. Rad1 Nd6 24. Qf4 Rd8 25. b4 axb4 26. axb4 Bxe3 27. Qxe3 Nf5 28. Rxd8+ 1-0

[Event "Berlin-ch Seniors op 24th"]
[Site "Berlin"]
[Date "2008.02.22"]
[Round "2"]
[White "Muenster, Heinz Juergen"]
[Black "Tuerk, Bernhard"]
[Result "1/2-1/2"]
[WhiteElo "1591"]
[BlackElo "1342"]
[PlyCount "126"]
[EventDate "2008.02.21"]
[EventType "swiss"]
[EventRounds "9"]
[EventCountry "GER"]
[SourceTitle "EXT 2022"]
[Source "ChessBase"]
[SourceDate "2021.10.06"]
[SourceVersion "1"]
[SourceVersionDate "2021.10.06"]
[SourceQuality "1"]

1. d4 d5 2. c4 e6 3. Nc3 c5 4. Nf3 Nc6 5. cxd5 exd5 6. e3 Nf6 7. dxc5 Bxc5 8. Bb5 0-0 9. Bd3 Re8 10. 0-0 Bg4 11. Be2 Rc8 12. a3 a5 13. Qb3 Rb8 14. Rd1 Ne7 15. Nd4 Bxe2 16. Ncxe2 Qd7 17. Bd2 Nc6 18. Bc3 b6 19. Qc2 Ne4 20. Nxc6 Qxc6 21. Bd4 Rbd8 22. b4 Qd6 23. bxc5 bxc5 24. Bb2 Qe6 25. Nf4 Qc6 26. Rac1 c4 27. f3 Nc5 28. Qc3 f6 29. Qxa5 Nb3 30. Qc3 Nxc1 31. Qxc1 Re7 32. Bd4 Rb7 33. Bc3 Rb3 34. Ne2 Qa4 35. Bb4 Rd7 36. Nd4 Rxe3 37. Qxe3 Qxd1+ 38. Kf2 Rd8 39. h4 h6 40. Qd2 Qb1 41. h5 Re8 42. Qc2 Qxc2+ 43. Nxc2 Kf7 44. g4 g6 45. hxg6+ Kxg6 46. Ne3 Rd8 47. Kg3 c3 48. Nxd5 Rxd5 49. Bxc3 Rd3 50. Bb4 Rb3 51. Kf4 h5 52. gxh5+ Kxh5 53. Bc5 Kg6 54. Bb4 f5 55. Bc5 Kf6 56. Bb4 Ke6 57. Bf8 Rb8 58. Bb4 Ra8 59. Bc5 Ra6 60. Bf8 Ra4+ 61. Bb4 Kf6 62. Kg3 Ke6 63. Kf4 Kf6 1/2-1/2